Music Quiz

Random Music or Album Quiz

Hanson Songs (To April 2014) Quiz Stats

Quiz not verified by Sporcle

Challenge
Share
Tweet
Embed
Score 0/214 Timer 20:00
0 Plays Today
Album Answer % Correct
Middle of NowhereMMMBop
100%
MMMBopMMMBop
100%
MMMBopMMMBop
100%
Middle of NowhereWeird
94.6%
Middle of NowhereThinking of You
91.1%
Middle of NowhereLucy
91.1%
Middle of NowhereA Minute Without You
91.1%
Middle of NowhereWith You In Your Dreams
91.1%
MMMBopThinking of You
91.1%
MMMBopWith You In Your Dreams
91.1%
This Time AroundIf Only
91.1%
This Time AroundThis Time Around
91.1%
Middle of NowhereWhere's The Love
87.5%
Middle of NowhereYearbook
85.7%
UnderneathPenny and Me
85.7%
UnderneathUnderneath
85.7%
The WalkThe Walk
85.7%
Middle of NowhereMadeline
83.9%
Middle of NowhereI Will Come To You
82.1%
Middle of NowhereMan From Milwaukee
82.1%
This Time AroundSave Me
82.1%
The WalkGo
80.4%
Middle of NowhereLook at You
78.6%
UnderneathLost Without Each Other
78.6%
Middle of NowhereSpeechless
76.8%
UnderneathStrong Enough To Break
76.8%
MMMBopRiver
75%
This Time AroundLove Song
75%
The WalkGeorgia
75%
This Time AroundRunaway Run
73.2%
This Time AroundIn The City
73.2%
UnderneathBroken Angel
73.2%
Shout It OutThinking Bout Somethin
73.2%
This Time AroundA Song To Sing
71.4%
The WalkGreat Divide
71.4%
This Time AroundHand In Hand
69.6%
UnderneathDancin' In The Wind
69.6%
Shout It OutGive A Little
69.6%
The WalkBeen There Before
67.9%
Shout It OutWaiting For This
67.9%
MMMBopSoldier
66.1%
This Time AroundYou Never Know
66.1%
AnthemGet The Girl Back
66.1%
MMMBopStories
64.3%
This Time AroundSure About It
64.3%
Shout It OutMe Myself and I
64.3%
AnthemFired Up
64.3%
AnthemJuliet
64.3%
AnthemLost Without You
64.3%
The WalkWatch Over Me
62.5%
The WalkRunning Man
62.5%
This Time AroundCan't Stop
60.7%
UnderneathMisery
60.7%
UnderneathCrazy Beautiful
60.7%
MMMBopTwo Tears
58.9%
BoomerangBoomerang
58.9%
UnderneathGet Up And Go
58.9%
Shout It OutUse Me Up
58.9%
Snowed InAt Christmas
57.1%
This Time AroundWish That I Was There
57.1%
The WalkFire On The Mountain
57.1%
Shout It OutKiss Me When You Come Home
57.1%
Shout It OutMusical Ride
57.1%
Snowed InEverybody Knows the Claus
55.4%
Shout It OutCarry You There
55.4%
Shout It OutVoice In The Chorus
55.4%
MMMBopPictures
53.6%
Snowed InChristmas Time
53.6%
This Time AroundDying To Be Alive
53.6%
UnderneathHey
53.6%
The WalkBlue Sky
53.6%
2005 Membership EPNever Let Go
53.6%
Album Answer % Correct
UnderneathDeeper
51.8%
UnderneathBelieve
51.8%
Best Of Hanson Live and ElectricRock N Roll Razorblade
51.8%
The WalkSomething Going Round
51.8%
The WalkI Am
51.8%
Stand Up Stand Up EPWorld's On Fire
51.8%
AnthemAlready Home
51.8%
AnthemTragic Symphony
51.8%
Shout It OutThese Walls
50%
AnthemI've Got Soul
50%
AnthemFor Your Love
50%
AnthemTonight
50%
Middle of Nowhere (Singles)Cried
50%
Princess Diaries SoundtrackWake Up
50%
Shout It OutAnd I Waited
48.2%
AnthemSave Me From Myself
48.2%
The Sound Of LightThe Sound of Light
48.2%
The WalkNgi Ne Themba (I Have Hope)
46.4%
The WalkOne More
46.4%
The WalkTearing It Down
46.4%
The WalkYour Illusion
46.4%
No Sleep For BanditosNo Sleep For Banditos
46.4%
MMMBopDay Has Come
44.6%
MMMBopSometimes
44.6%
AnthemCut Right Through Me
44.6%
AnthemScream and Be Free
44.6%
Underneath AcousticLove Somebody To Know
42.9%
UnderneathLullabelle
42.9%
Take The Walk EPLay Me Down
42.9%
Shout It OutMake It Out Alive
42.9%
BoomerangMore Than Anything
41.1%
BoomerangMore Than Anything (Reprise)
41.1%
UnderneathDream Girl
41.1%
Best Of Hanson Live and ElectricEvery Word I Say
41.1%
The WalkI've Been Down
41.1%
Take The Walk EPFollow Your Lead
41.1%
2009 Membership EPDevil's Nachos
41.1%
MMMBopSurely as the Sun
39.3%
UnderneathWhen You're Gone
39.3%
AnthemYou Can't Stop Us Now
39.3%
The Sound Of LightOn and On
39.3%
BoomerangRain
37.5%
This Time AroundSmile
35.7%
Best Of Hanson Live and ElectricBeing Me
35.7%
2003 Membership EPDown
35.7%
2003 Membership EPNext Train
35.7%
UnreleasedBreaktown
35.7%
The WalkGot A Hold On Me
33.9%
The WalkIn A Way
33.9%
Take The Walk EPChange In My Life
33.9%
2008 Membership EPLetters In The Mailbox
33.9%
FUTYAll This Love Crap
33.9%
Facing the Blank PageSonny Get Your Gun
33.9%
The Sound Of LightBest of Times
33.9%
BoomerangLonely Boy
32.1%
UnderneathSomeone (Laissons Nous Une Chance)
32.1%
2003 Membership EPBeautiful Eyes
32.1%
No Sleep For BanditosHeartbreaker
32.1%
Facing the Blank PageSunny Day
32.1%
2005 Membership EPCall Me
30.4%
Facing the Blank PageBittersweet
30.4%
Take The Walk EPHope It Comes Soon
28.6%
UnderneathI Almost Care
26.8%
Shout It OutMake It Through Today
26.8%
No Sleep For BanditosBe My Own
26.8%
UnreleasedBridges of Stone
26.8%
This Time AroundLonely Again
25%
Take The Walk EPWhere Did It Start
23.2%
2005 Membership EPNeed You Now
23.2%
2003 Membership EPEnd Of The Line
23.2%
FUTYTurning 21
23.2%
No Sleep For BanditosUp All Night
23.2%
Album Answer % Correct
Facing the Blank PageGet Out Of My Heart
23.2%
The Sound Of LightRollercoaster Love
23.2%
Live from AlbertaneEver Lonely
23.2%
BoomerangDon't Accuse
21.4%
2010 Membership EPLive Forever
21.4%
2008 Membership EPLeave the Light On
21.4%
2007 Membership EPOn The Rocks
21.4%
2005 Membership EPSo Lovely
21.4%
No Sleep For BanditosChasing Down My Dreams
21.4%
Facing the Blank PageTime Baby Take It
21.4%
The Sound Of LightCall Out My Name
21.4%
MMMBopIncredible
19.6%
2007 Membership EPTake Our Chances
19.6%
MMMBopSomething New
17.9%
Go (Singles)The Ugly Truth
17.9%
This Time Around (Singles)I Don't Know
17.9%
2009 Membership EPI Can't Wait
17.9%
2009 Membership EPWait Here For You
17.9%
2007 Membership EPWatershed
17.9%
UnreleasedGlimmering Girl
17.9%
Condor SessionsGet So Low
17.9%
UnreleasedMy Own Sweet Time
17.9%
2010 Membership EPOrdinary Words
16.1%
2009 Membership EPTake My Time
16.1%
UnreleasedLeave It At That
16.1%
UnreleasedTake My Time
16.1%
MMMBopBaby (You're So Fine)
14.3%
2010 Membership EPToo Young To Kill
14.3%
2008 Membership EPComing Back For More
14.3%
2004 Membership DVDIn The Road
14.3%
2010 Membership EPThis Is The Jam
12.5%
UnreleasedLet You Go
12.5%
UnreleasedNever Love Again
12.5%
UnreleasedYou're Enough
12.5%
FUTYTurning 23
12.5%
2010 Membership EPBad Solution
10.7%
2009 Membership EPAll I Have To Give
10.7%
UnreleasedOne Way Ticket
10.7%
UnreleasedMarshmallow Lover
10.7%
Condor SessionsPleasure With The Pain
10.7%
Condor SessionsNothing On Me
10.7%
UnreleasedSun and Sky
10.7%
UnreleasedWasting Time
10.7%
UnreleasedGot What You Wanted
8.9%
UnreleasedEveryday
8.9%
UnreleasedOne More Time
8.9%
UnreleasedEven When You're Gone
8.9%
UnreleasedAn Evening At The Big Top
8.9%
Condor SessionsAll I Ever Needed
8.9%
FUTYMy Favorite Christmas Sweater
8.9%
UnreleasedWe All Know
7.1%
FUTYRefresh
7.1%
UnreleasedYou Don't Know Me
5.4%
UnreleasedLive For Me
5.4%
UnreleasedMake Believe
5.4%
FUTYTurning 24
5.4%
UnreleasedIf You Love Me
5.4%
2004 Membership DVDTime Will Tell
3.6%
2004 Membership DVDNatalie Portman Song
3.6%
UnreleasedFly
3.6%
UnreleasedHalf As Bad As You
3.6%
UnreleasedMake It Alright
3.6%
UnreleasedShe's Got Time
3.6%
UnreleasedWondering Why
3.6%
FUTYBack In Japan
3.6%
UnreleasedIt's Alright
1.8%
UnreleasedTell Me How It Feels To Be Lonely
1.8%
UnreleasedNow I See
0%
FUTYThis Year's Going My Way
0%
FUTYWe're Gonna Find Out
0%

You're not logged in!

Compare scores with friends on all Sporcle quizzes.
Join for Free
OR
Log In

You Might Also Like...

Show Comments

Extras

Created Apr 27, 2014ReportNominate
Tags:Album Quiz, Song Quiz, 2014, April, hanson

Top Quizzes Today


Score Distribution

Your Account Isn't Verified!

In order to create a playlist on Sporcle, you need to verify the email address you used during registration. Go to your Sporcle Settings to finish the process.

Report this User

Report this user for behavior that violates our Community Guidelines.

Details: